<?xml version="1.0" encoding="UTF-8"?>
<record
    xmlns:xsi="http://www.w3.org/2001/XMLSchema-instance"
    xsi:schemaLocation="http://www.loc.gov/MARC21/slim http://www.loc.gov/standards/marcxml/schema/MARC21slim.xsd"
    xmlns="http://www.loc.gov/MARC21/slim">

  <leader>00470nam a22001577a 4500</leader>
  <controlfield tag="003">OSt</controlfield>
  <controlfield tag="005">20221026052512.0</controlfield>
  <controlfield tag="008">151103b        xxu||||| |||| 00| 0 eng d</controlfield>
  <datafield tag="020" ind1=" " ind2=" ">
    <subfield code="a">9781451146653</subfield>
  </datafield>
  <datafield tag="040" ind1=" " ind2=" ">
    <subfield code="c">MMU</subfield>
    <subfield code="a">MMU</subfield>
    <subfield code="b">eng</subfield>
    <subfield code="d">MMU</subfield>
  </datafield>
  <datafield tag="050" ind1=" " ind2=" ">
    <subfield code="a">RT41.T46 2014 </subfield>
  </datafield>
  <datafield tag="100" ind1=" " ind2=" ">
    <subfield code="4">Hinkle L. Janice</subfield>
  </datafield>
  <datafield tag="245" ind1=" " ind2=" ">
    <subfield code="a">Brunner &amp; Suddarth's Textbook of Medical-Surgical Nursing/</subfield>
    <subfield code="c">Janice L.Hinkle.</subfield>
  </datafield>
  <datafield tag="260" ind1=" " ind2=" ">
    <subfield code="a">London :</subfield>
    <subfield code="b">Lippincott Williams,</subfield>
    <subfield code="c">2014.</subfield>
  </datafield>
  <datafield tag="942" ind1=" " ind2=" ">
    <subfield code="2">lcc</subfield>
    <subfield code="c">LOAN LOAN</subfield>
    <subfield code="e">13th ed.</subfield>
  </datafield>
  <datafield tag="999" ind1=" " ind2=" ">
    <subfield code="c">15622</subfield>
    <subfield code="d">15622</subfield>
  </datafield>
  <datafield tag="952" ind1=" " ind2=" ">
    <subfield code="0">0</subfield>
    <subfield code="1">0</subfield>
    <subfield code="2">lcc</subfield>
    <subfield code="4">0</subfield>
    <subfield code="7">0</subfield>
    <subfield code="a">MMU001</subfield>
    <subfield code="b">MMU001</subfield>
    <subfield code="d">2015-11-03</subfield>
    <subfield code="e">Purchased</subfield>
    <subfield code="g">7450.00</subfield>
    <subfield code="l">21</subfield>
    <subfield code="o">RT41.T46 2014</subfield>
    <subfield code="p">201514655</subfield>
    <subfield code="r">2024-06-20 08:21:30</subfield>
    <subfield code="s">2024-06-06</subfield>
    <subfield code="w">2015-11-03</subfield>
    <subfield code="y">LOAN LOAN</subfield>
  </datafield>
</record>
